000 00546nam a2200193Ia 4500
003 IN-BaIIA
008 211028s9999 xx 000 0 eng d
040 _cIIA Library
080 _a523.741
_bJAG
100 _aJager, Dec
_96273
245 4 _aThe structure of the quiet photosphere and the low chromosphere
_cDec Jager
260 _aNew York
_bSpringer-Verlag
_c1968
300 _a240p.
650 _aAstronomy and Astrophysics Thesaurus
650 _aChromosphere
_95508
650 _aPhotosphere
_96274
650 _aSun
_91200
942 _cBK
999 _c3545
_d3545